Normal view MARC view

Entry Personal Name

Number of records used in: 2

001 - CONTROL NUMBER

  • control field: 57826

003 - CONTROL NUMBER IDENTIFIER

  • control field: dpl

005 - DATE AND TIME OF LATEST TRANSACTION

  • control field: 20231016111525.0

008 - FIXED-LENGTH DATA ELEMENTS

  • fixed length control field: 231016|| aca||aabn | a|a d

040 ## - CATALOGING SOURCE

  • Original cataloging agency: dpl
  • Transcribing agency: dpl

100 ## - HEADING--PERSONAL NAME

  • Personal name: Rajasekar, Janani

670 ## - SOURCE DATA FOUND

  • Source citation: Work cat.: (dpl)196962: Rajasekar, Janani, Artificial Intelligence and machine learning/, 2022

© Delhi Public Library
Hit Counter
free hit counter